La situación económica mundial y México : las cuestiones que suscita el intercambio del petróleo : revisión crítica de ciertos puntos fundamentales de la teoría convencional o al uso /

Guardado en:
Bibliografiske detaljer
Hovedforfatter: Sacristán Colás, Antonio (autor)
Format: Bog
Sprog:spansk
Udgivet: México : CIDE, 1980, c1980
Serier:(Economía. Ensayos ; 1)
Fag:
Tags: Tilføj Tag
Ingen Tags, Vær først til at tagge denne postø!

MARC

LEADER 00000nam^a2200000^a^4500
001 000175386
005 20250521000000.0
009 20260310101601.899
037 |a Acervo ITESO - Biblioteca 
041 |a ESP 
082 |a 330. 9720637  |b SAC 
100 |a Sacristán Colás, Antonio  |e (autor) 
245 1 3 |a La situación económica mundial y México :  |b las cuestiones que suscita el intercambio del petróleo : revisión crítica de ciertos puntos fundamentales de la teoría convencional o al uso /  |c A. Sacristán Colás. 
264 4 |a México :  |b CIDE,  |c 1980, c1980 
300 |a 72 p. 
336 |a texto  |b txt  |2 rdacontenido 
337 |a sin mediación  |b n  |2 rdamedio 
338 |a volumen  |b nc  |2 rdasoporte 
440 1 |a (Economía.  |p Ensayos ;  |v 1) 
649 |a XX 
650 |a Petróleo -  |z México -  |x Aspectos Económicos 
650 |a Comercio Exterior -  |z México 
650 |a Empleo y Desempleo -  |z México 
650 |a Inflación -  |z México 
650 |a Interés (Economía) -  |z México 
650 |a Estabilidad Económica -  |z México 
650 |a Crisis Económica -  |z México 
650 |a Política Monetaria -  |z México 
650 |a Política Económica -  |z México 
650 |a Desarrollo Económico-Social -  |z México 
650 |a Economía -  |z México -  |x Historia -  |y 1976-1982 
650 |a Economía -  |z México -  |x Historia -  |y 1982-1988 
650 |a Economía -  |z México -  |x Historia -  |y 1988-1994 
650 |a Economía -  |z México -  |x Historia -  |y Siglo XX 
910 |a Fondo General 
920 |a Impresos - Libros 
930 |a Colección General 
905 |a 101 
901 |a 0500113456  |b IT1  |c ACC  |u 20250521 
902 |a https://opac.biblio.iteso.mx/vufind/Record/000175386